[Event "Rennes op 2nd"]
[Site "Rennes"]
[Date "2009.07.22"]
[Round "8"]
[White "Le Goff, Thierry"]
[Black "Payoux, Auriane"]
[Result "1-0"]
[WhiteElo "1798"]
[BlackElo "1460"]
[PlyCount "75"]
[EventDate "2009.07.15"]
[EventType "swiss"]
[EventRounds "9"]
[EventCountry "FRA"]
[SourceTitle "EXT 2011"]
[Source "ChessBase"]
[SourceDate "2010.11.26"]
[SourceVersion "1"]
[SourceVersionDate "2010.11.26"]
[SourceQuality "1"]

1. e4 e5 2. Nf3 Nc6 3. Bb5 a6 4. Ba4 b5 5. Bb3 Nf6 6. 0-0 Bc5 7. c3 0-0 8. d4 Bb6 9. Bg5 d6 10. h3 Re8 11. dxe5 Nxe5 12. Nxe5 Rxe5 13. Bxf6 Qxf6 14. Nd2 Qg6 15. Qf3 Rg5 16. e5 Rg3 17. Qxa8 Qf5 18. exd6 cxd6 19. Rae1 Kf8 20. Qc6 Qd7 21. Qxd7 Bxd7 22. Kh2 Rd3 23. Ne4 f6 24. Bc2 Rd5 25. Rd1 Re5 26. f4 Re8 27. Rxd6 Be3 28. Rxd7 h6 29. Nd6 Re6 30. Rd8+ Ke7 31. Nb7 Bb6 32. Rd5 Bc7 33. Bf5 Re3 34. Rd7+ Ke8 35. Rxc7 Kf8 36. Bg6 Re7 37. Rc8+ Re8 38. Rxe8# 1-0

[Event "Bretagne-ch U10 Girls"]
[Site "Ploermel"]
[Date "2007.02.15"]
[Round "5"]
[White "Payoux, Auriane"]
[Black "Guinard, Charline"]
[Result "1/2-1/2"]
[WhiteElo "1290"]
[BlackElo "1350"]
[PlyCount "47"]
[EventDate "2007.02.13"]
[EventType "tourn"]
[EventRounds "6"]
[EventCountry "FRA"]
[SourceTitle "EXT 2008"]
[Source "ChessBase"]
[SourceDate "2007.11.25"]
[SourceVersion "1"]
[SourceVersionDate "2007.11.25"]
[SourceQuality "1"]

1. e4 e5 2. Nf3 Nc6 3. Bc4 Bc5 4. d3 h6 5. 0-0 d6 6. Be3 Nf6 7. Nc3 Nh5 8. g3 Bxe3 9. fxe3 Qd7 10. d4 Qh3 11. Nh4 Nxg3 12. Rf3 0-0 13. Bf1 Qxh4 14. Rxg3 f5 15. exf5 Bxf5 16. Qf3 e4 17. Qg2 Rf7 18. Bc4 Raf8 19. Bxf7+ Rxf7 20. Rf1 Ne7 21. Rf4 Qf6 22. Nxe4 Qe6 23. c3 Ng6 24. Rxf5 1/2-1/2